Joueurs ayant inscrit des doublés avec le XV de France. (2010 - …) - Statistiques

Statistiques générales
  • Ce quiz a été pris 350 fois
    8 depuis la dernière actualisation
  • Le résultat moyen est 14 sur 24
Statistiques - réponses
Doublés Joueur Poste % Correct
2 Antoine Dupont Demi de mêlée
100%
10 Damian Penaud Ailier
100%
7 Louis Bielle-Biarrey Ailier
100%
2 Peato Mauvaka Talonneur
100%
1 Thomas Ramos Arrière
100%
3 Charles Ollivon 3e ligne aile
88%
2 Théo Attissogbe Ailier
88%
1 Gabin Villière Ailier
75%
1 Grégory Alldritt 3e ligne centre
75%
1 Vincent Clerc Ailier
63%
2 Yoram Moefana Centre
63%
1 Léo Barré Arrière
50%
3 Teddy Thomas Ailier
50%
1 Thibaud Flament 2e ligne
50%
2 Yoan Huget Ailier
50%
1 Cyril Baille Pilier
38%
1 Guilhem Guirado Talonneur
38%
1 Jonathan Danty Centre
38%
2 Nicolas Depoortère Centre
38%
1 Mathieu Bastareaud Centre
25%
1 Sofiane Guitoune Centre
25%
1 Maxime Médard Arrière
13%
1 Paul Boudehent 3e ligne aile
13%
1 David Marty Centre
0%
Aucun quiz correspondant
Distribution des résultats
% des personnes avec chaque résultat
Percentile par nombre de réponses
Votre historique - résultats
Vous n’avez pas pris ce quiz depuis la dernière actualisation